[Event "Last man standing - the return"]
[Site "SchemingMind.com"]
[Date "2014.01.16"]
[Round "-"]
[White "clare1347"]
[Black "Phil Cook"]
[Result "0-1"]
[WhiteCountry "ENG"]
[BlackCountry "NZL"]
[WhiteElo "2048"]
[WhiteRD "83"]
[BlackElo "2306"]
[BlackRD "104"]
[GameID "345499"]

1. e4 e6 2. d4 d5 3. Nc3 Nf6 4. e5 Nfd7 5. Nf3 c5 6. Nb5 a6 7. Nd6+ Bxd6 8. exd6 O-O 9. Be2 cxd4 10. Qxd4 Nc6
11. Qc3 e5 12. Bg5 Qb6 13. O-O h6 14. Bd2 Nf6 15. Qa3 Qd8 16. Bc3 Re8 17. Rfd1 d4 18. Be1 Bf5 19. Rac1 Re6 20. Nh4 Bh7
21. Qh3 e4 22. Bd2 Qxd6 23. Re1 Qc5 24. c3 e3 25. fxe3 dxe3
0-1

[Event "Last man standing - the return"]
[Site "SchemingMind.com"]
[Date "2014.01.29"]
[Round "-"]
[White "jjb091"]
[Black "reo"]
[Result "0-1"]
[WhiteCountry "USA"]
[BlackCountry "THA"]
[WhiteElo "1748"]
[WhiteRD "79"]
[BlackElo "1962"]
[BlackRD "91"]
[GameID "346663"]

1. e4 c5 2. Nf3 Nc6 3. d4 cxd4 4. Nxd4 e5 5. Nb5 d6 6. N1c3 a6 7. Na3 Nf6 8. Bg5 b5 9. Bxf6 gxf6 10. Nd5 f5
11. Bd3 f4 12. c4 Qa5+ 13. Qd2 Qxd2+ 14. Kxd2 Ra7 15. Nc2 bxc4 16. Bxc4 Bg7 17. Rac1 O-O 18. Ncb4 Nxb4 19. Nxb4 Kh8 20. Bd5 f5
21. Nc6 Rb7 22. Rc2 Rb6 23. Rhc1 Bb7 24. Ne7 Bxd5 25. exd5 e4 26. b3 f3 27. gxf3 Bh6+ 28. Ke2 Bxc1 29. Rxc1 exf3+ 30. Kxf3 Rb5
31. Rc6 Re8 32. Nxf5 Rxd5 33. Ne3 Rd2 34. Rxa6 Rf8+ 35. Kg3 Rfxf2 36. a4 h5 37. a5 Rxh2 38. Nf5 Rdg2+ 39. Kf4 Rg4+ 40. Kf3 Rb4
41. Nxd6 Rh3+ 42. Kg2 Rhxb3 43. Ra8+ Rb8 44. Ra7 Ra3 45. a6 Ra2+ 46. Kg3 Rb6 47. Nf7+ Kg8 48. Kh4 Ra5 49. Nd8 Rb4+ 50. Kg3 Ra3+
0-1

[Event "Last man standing - the return"]
[Site "SchemingMind.com"]
[Date "2014.01.29"]
[Round "-"]
[White "reo"]
[Black "jjb091"]
[Result "1-0"]
[WhiteCountry "THA"]
[BlackCountry "USA"]
[WhiteElo "1962"]
[WhiteRD "91"]
[BlackElo "1748"]
[BlackRD "79"]
[GameID "346664"]

1. d4 Nf6 2. c4 c5 3. Nf3 cxd4 4. Nxd4 e5 5. Nb5 d5 6. cxd5 Bc5 7. e3 O-O 8. N5c3 e4 9. h3 Bf5 10. Nd2 Nbd7
11. Nb3 Bd6 12. g4 Bg6 13. Bg2 Nc5 14. Nxc5 Bxc5 15. Qb3 b6 16. g5 Nd7 17. h4 f6 18. Nxe4 Rc8 19. f4 Re8 20. f5 Bh5
21. Ng3 Bf7 22. e4 Ne5 23. Ne2 Qe7 24. a3 Ng4 25. Rf1 Bd6 26. Qh3 Ne5 27. gxf6 Qxf6 28. h5 Be7 29. Nf4 Qh4+ 30. Qxh4 Bxh4+
31. Kd1 Ng4 32. Ke2 Rc2+ 33. Bd2 Nf6 34. Kd3 Rxb2 35. Rfb1 Rxb1 36. Rxb1 Bg5 37. Ne6 Bxd2 38. Kxd2 Nxh5 39. Rc1 Nf6 40. Rc7 Bxe6
41. fxe6 Ra8 42. Kd3 b5 43. d6 Ne8 44. e5 Nxc7 45. Bxa8 Nxe6 46. Bd5 Kf7 47. d7 Ke7 48. Bxe6
1-0

[Event "Last man standing - the return"]
[Site "SchemingMind.com"]
[Date "2014.01.30"]
[Round "-"]
[White "John Hamer"]
[Black "Black Five"]
[Result "1-0"]
[WhiteCountry "ENG"]
[BlackCountry "WLS"]
[WhiteElo "2108"]
[WhiteRD "69"]
[BlackElo "1794"]
[BlackRD "107"]
[GameID "346768"]

1. d4 d5 2. Nf3 Nf6 3. c4 c6 4. Nc3 e6 5. Bf4 Bd6 6. Ne5 O-O 7. c5 Be7 8. e3 Nbd7 9. Bd3 Nxe5 10. Bxe5 b6
11. cxb6 axb6 12. O-O c5 13. Qe2 c4 14. Bc2 Bd7 15. Qf3 b5 16. a3 Bc6 17. Qf4 g6 18. Qf3 Nd7 19. Bf4 Bg5 20. Bd6 Re8
21. Rae1 Be7 22. Qg3 Nf6 23. Be5 Nh5 24. Qh3 Bf6 25. f4 Bg7 26. g4 Nf6 27. Re2 Qb6 28. f5 b4 29. axb4 Qxb4 30. fxg6 fxg6
31. Bxf6 Qxb2 32. Bxg6
1-0

[Event "Last man standing - the return"]
[Site "SchemingMind.com"]
[Date "2014.01.31"]
[Round "-"]
[White "Black Five"]
[Black "John Hamer"]
[Result "1/2-1/2"]
[WhiteCountry "WLS"]
[BlackCountry "ENG"]
[WhiteElo "1794"]
[WhiteRD "107"]
[BlackElo "2108"]
[BlackRD "69"]
[GameID "346769"]

1. d4 d5 2. c4 Nf6 3. cxd5 Nxd5 4. Nf3 Bf5 5. Qb3 e6 6. Nc3 Nb6 7. Bf4 Nc6 8. e3 a6 9. Be2 Na5 10. Qd1 Bb4
11. a3 Bxc3+ 12. bxc3 O-O 13. O-O Nd5 14. Rc1 Qe7 15. a4 Qa3 16. Bd3 Bxd3 17. Qxd3 Qxa4 18. c4 Nb4 19. Qd1 Qd7 20. c5 Nac6
21. Rb1 a5 22. Ra1 b5 23. Ne5 Qc8 24. Qe2 Qb7 25. Rfb1 Rfd8 26. Qh5 f6 27. Nxc6 Nxc6 28. Rd1 Rd5 29. Qg4 Kf7 30. Qe2 b4
31. Ra4 Rad8 32. f3 e5 33. Bg3 exd4 34. Qc4 Kf8 35. exd4 Nxd4 36. Kh1 Nf5 37. Rxd5 Rxd5 38. Ra1 Rd4 39. Qc2 g6 40. c6 Qb5
41. Bxc7 a4=
1/2-1/2

[Event "Last man standing - the return"]
[Site "SchemingMind.com"]
[Date "2014.02.02"]
[Round "-"]
[White "Teagy"]
[Black "Simon Green"]
[Result "1-0"]
[WhiteCountry "ENG"]
[BlackCountry "ENG"]
[WhiteElo "1827"]
[WhiteRD "78"]
[BlackElo "1632"]
[BlackRD "57"]
[GameID "347025"]

1. e4 e6 2. d4 d5 3. Nc3 Nf6 4. Bg5 Be7 5. e5 Nfd7 6. Bxe7 Qxe7 7. Qh5 Nc6 8. O-O-O O-O 9. f4 f5 10. Nf3 g6
11. Qh3 b6 12. Rg1 Rf7 13. g4 Bb7 14. gxf5 exf5 15. Nxd5 Qd8 16. e6 Rf8 17. exd7 Ne7 18. Ng5 h5 19. Nxe7+ Qxe7 20. Bc4+ Kh8
21. Ne6 Rf6 22. d8=Q+ Rxd8 23. Nxd8 Qxd8 24. d5 Qd6 25. Qe3 c5 26. dxc6 Qxc6 27. Rd8+ Kg7 28. Qe7+
1-0

[Event "Last man standing - the return"]
[Site "SchemingMind.com"]
[Date "2014.02.03"]
[Round "-"]
[White "Simon Green"]
[Black "Teagy"]
[Result "0-1"]
[WhiteCountry "ENG"]
[BlackCountry "ENG"]
[WhiteElo "1632"]
[WhiteRD "57"]
[BlackElo "1827"]
[BlackRD "78"]
[GameID "347026"]

1. d4 Nf6 2. e3 c5 3. c3 cxd4 4. exd4 g6 5. Bd3 Bg7 6. Nf3 O-O 7. O-O d6 8. Bg5 h6 9. Be3 Nbd7 10. Nbd2 a6
11. h3 b5 12. Be4 Rb8 13. Bd3 Bb7 14. Qc2 Nd5 15. Bxh6 Bxh6 16. Bxg6 Bxd2 17. Qxd2 fxg6 18. Qh6 Rf6 19. Ng5 Nf8 20. Rae1 Qd7
21. g3 Nc7 22. Re2 Re8 23. Rfe1 Bd5 24. a3 Qf5 25. f4 Nce6 26. g4 Qxf4 27. Rxe6 Qg3#
0-1

[Event "Last man standing - the return"]
[Site "SchemingMind.com"]
[Date "2014.02.27"]
[Round "-"]
[White "GBEDARD"]
[Black "black cloud"]
[Result "1-0"]
[WhiteCountry "USA"]
[BlackCountry "ENG"]
[WhiteElo "2072"]
[WhiteRD "64"]
[BlackElo "1904"]
[BlackRD "87"]
[GameID "348417"]

1. e4 e5 2. Nf3 Nc6 3. Bb5 a6 4. Ba4 Nf6 5. O-O Be7 6. Re1 b5 7. Bb3 d6 8. c3 O-O 9. h3 Na5 10. Bc2 c5
11. d4 Nd7 12. Nbd2 exd4 13. cxd4 Nc6 14. d5 Nce5 15. a4 Rb8 16. axb5 axb5 17. Nxe5 Nxe5 18. f4 Ng6 19. Nf3 Bh4 20. Rf1 Bg3
21. Ne1 Qh4 22. Nf3 Qd8 23. f5 Ne5 24. Ng5 Nd7 25. e5 Bxe5 26. Nxh7 Nf6 27. Nxf8 Qxf8 28. Qf3 Bb7 29. Rd1 Ra8 30. Rxa8 Qxa8
31. Qa3 Bxd5 32. Qxa8+ Bxa8 33. Re1 Bc6 34. g4 Bd4+ 35. Kf1 Kf8 36. Bf4 Ne8 37. b3 d5 38. Ke2 c4 39. Be3 Bc3 40. Bc5+ Kg8
41. Rd1 Nc7 42. Bd4 Bb4 43. Be5 Na6 44. bxc4 bxc4 45. Ra1 Nc5 46. h4 Nd7 47. Bd4 Bd6 48. Ra6 Nb8 49. Ra7 Bg3 50. h5 Bd6
51. f6
1-0

[Event "Last man standing - the return"]
[Site "SchemingMind.com"]
[Date "2014.02.27"]
[Round "-"]
[White "black cloud"]
[Black "GBEDARD"]
[Result "0-1"]
[WhiteCountry "ENG"]
[BlackCountry "USA"]
[WhiteElo "1922"]
[WhiteRD "94"]
[BlackElo "2033"]
[BlackRD "62"]
[GameID "348418"]

1. e4 d6 2. d4 Nf6 3. Nc3 g6 4. Be3 Bg7 5. Qd2 c6 6. Nf3 O-O 7. Bh6 Bg4 8. Bxg7 Kxg7 9. Ng5 h6 10. h3 Bc8
11. Nf3 Qa5 12. Bd3 e5 13. O-O Be6 14. Rfe1 exd4 15. Nxd4 Nbd7 16. Nf3 Ne5 17. Nxe5 dxe5 18. Kh1 Rfd8 19. f4 Nh5 20. f5 gxf5
21. exf5 Bxf5 22. Qe3 Bxd3 23. cxd3 Nf4 24. Qxe5+ Qxe5 25. Rxe5 Rd7 26. Rd1 Nxd3 27. Re2 Rad8 28. Kg1 Nf4 29. Ree1 Rd2 30. Rxd2 Rxd2
31. Re7 Rxg2+ 32. Kh1 Rxb2
0-1

[Event "Last man standing - the return"]
[Site "SchemingMind.com"]
[Date "2014.02.28"]
[Round "-"]
[White "clario"]
[Black "gbox"]
[Result "1-0"]
[WhiteCountry "RSA"]
[BlackCountry "CAY"]
[WhiteElo "1925"]
[WhiteRD "79"]
[BlackElo "1465"]
[BlackRD "123"]
[GameID "348459"]

1. d4 d5 2. c4 e6 3. Nc3 Bb4 4. e3 Nf6 5. Bd2 O-O 6. Nf3 Nc6 7. Qc2 Bxc3 8. Bxc3 h6 9. Bd3 Ng4 10. O-O b6
11. cxd5 exd5 12. Bb5 Qd6 13. Bd2 Bb7 14. Rfc1 Rab8 15. Bxc6 Rfc8 16. Bxb7 Rxb7 17. e4 c5 18. h3 Nf6 19. e5 Qe7 20. exf6 Qxf6
21. Re1 Re7 22. Qa4 Rce8 23. Rac1 c4 24. Rxe7 Rxe7 25. b3 c3 26. Rxc3 Re2 27. Qxa7 Kh7 28. Rc7 Kg6 29. Be3 b5 30. Rxf7 Qxf7
31. Ne5+ Kh7 32. Qxf7 Rxa2 33. Qg6+ Kh8 34. Nf7+ Kg8 35. Nxh6+ Kh8 36. Nf7+ Kg8 37. Bh6 Kf8 38. Ne5 Ra7 39. Qd6+ Re7 40. Bg5
1-0

[Event "Last man standing - the return"]
[Site "SchemingMind.com"]
[Date "2014.02.28"]
[Round "-"]
[White "gbox"]
[Black "clario"]
[Result "0-1"]
[WhiteCountry "CAY"]
[BlackCountry "RSA"]
[WhiteElo "1456"]
[WhiteRD "126"]
[BlackElo "2097"]
[BlackRD "87"]
[GameID "348461"]

1. e4 c5 2. d4 cxd4 3. Qxd4 Nc6 4. Qd1 Nf6 5. Nc3 e5 6. Nf3 Bb4 7. Bb5 Nxe4 8. O-O Nxc3 9. bxc3 Bxc3 10. Rb1 e4
11. Ng5 d5 12. Rb3 Bf6 13. h4 h6 14. Qh5 g6 15. Qd1 hxg5 16. hxg5 Bxg5 17. Bb2 Rh7 18. Bxc6+ bxc6 19. Qd4 Bf4 20. Rh3 Bxh3
21. gxh3 Qg5+ 22. Kh1 Rxh3#
0-1

[Event "Last man standing - the return"]
[Site "SchemingMind.com"]
[Date "2014.03.13"]
[Round "-"]
[White "John Hamer"]
[Black "Phil Cook"]
[Result "1/2-1/2"]
[WhiteCountry "ENG"]
[BlackCountry "NZL"]
[WhiteElo "2076"]
[WhiteRD "64"]
[BlackElo "2305"]
[BlackRD "103"]
[GameID "349293"]

1. d4 d5 2. c4 e6 3. Nc3 Nf6 4. Bf4 dxc4 5. e3 Bd6 6. Bg5 a6 7. Bxc4 b5 8. Bd3 Nbd7 9. Nf3 Bb7 10. O-O h6
11. Bh4 g5 12. Bg3 Bxg3 13. fxg3 c5 14. a4 b4 15. Ne2 Rc8 16. Qd2 O-O 17. Rac1 Qe7 18. dxc5 Nxc5 19. Qxb4 Nd5 20. Qa3 Nxe3
21. Bh7+ Kxh7 22. Qxe3 Nxa4 23. b3 Nc5 24. Nfd4 Ne4 25. Nc3 Nxc3=
1/2-1/2

[Event "Last man standing - the return"]
[Site "SchemingMind.com"]
[Date "2014.03.12"]
[Round "-"]
[White "Phil Cook"]
[Black "John Hamer"]
[Result "1-0"]
[WhiteCountry "NZL"]
[BlackCountry "ENG"]
[WhiteElo "2305"]
[WhiteRD "103"]
[BlackElo "2076"]
[BlackRD "64"]
[GameID "349294"]

1. e4 c6 2. d4 d5 3. Nc3 g6 4. Nf3 Bg7 5. Bd3 Bg4 6. Be3 e6 7. h3 Bxf3 8. Qxf3 Ne7 9. h4 Qb6 10. O-O-O Nd7
11. exd5 cxd5 12. Bb5 Nc6 13. h5 Bf6 14. Ba4 Rc8 15. Nb5 Ke7 16. Bf4 g5 17. Bd6+ Kd8 18. Bc5 Qa5 19. b3 b6 20. Nd6 Kc7
21. Ba3
1-0

[Event "Last man standing - the return"]
[Site "SchemingMind.com"]
[Date "2014.03.25"]
[Round "-"]
[White "lemme howdt"]
[Black "emvarela"]
[Result "0-1"]
[WhiteCountry "USA"]
[BlackCountry "ARG"]
[WhiteElo "1692"]
[WhiteRD "67"]
[BlackElo "1766"]
[BlackRD "50"]
[GameID "351622"]

1. e4 e5 2. Nf3 Nc6 3. Bc4 Bc5 4. c3 Qe7 5. O-O h6 6. Re1 d6 7. d4 exd4 8. cxd4 Bb6 9. a3 Bg4 10. Qb3 Bxf3
11. Qxf3 Nf6 12. Nc3 Bxd4 13. Bd2 Ne5 14. Qg3 Nxc4 15. Bc1 Bxc3 16. Qxc3 Ne5 17. Bf4 O-O-O 18. Rac1 Nc6 19. f3 g5 20. Be3 d5
21. Bc5 Qe5 22. Qxe5 Nxe5 23. Rc3 d4 24. Rc2 Nd3 25. Rd1 Nxc5 26. Rxc5 Nh5 27. Rf5 Rd7 28. g3 Rhd8 29. Rd3 Ng7 30. Rf6 h5
31. b4 Re8 32. Kf2 Re6 33. Rxe6 fxe6 34. f4 g4 35. Ke2 b6 36. Kd2 c5 37. Kc2 Kc7 38. Kb3 Kc6 39. bxc5 bxc5 40. Kc4 Rb7
41. Rd2 a5 42. Rf2 a4 43. f5 Rf7 44. f6 Ne8 45. e5 Nc7 46. Rb2 Nd5 47. Rb5 Ne3+
0-1

[Event "Last man standing - the return"]
[Site "SchemingMind.com"]
[Date "2014.03.25"]
[Round "-"]
[White "emvarela"]
[Black "lemme howdt"]
[Result "1/2-1/2"]
[WhiteCountry "ARG"]
[BlackCountry "USA"]
[WhiteElo "1766"]
[WhiteRD "50"]
[BlackElo "1692"]
[BlackRD "67"]
[GameID "351623"]

1. e4 e5 2. Nf3 Nc6 3. Bb5 a6 4. Bxc6 dxc6 5. O-O Bg4 6. h3 Bh5 7. d3 Be7 8. Nbd2 b5 9. g4 Bg6 10. Re1 f6
11. Nf1 Bc5 12. Be3 Bb6 13. Bxb6 cxb6 14. Ng3 c5 15. Qe2 Ne7 16. Nh4 O-O 17. Nhf5 Bxf5 18. Nxf5 Nxf5 19. gxf5 Qd7 20. Qe3 Qf7
21. Kh2 Rad8 22. b3 g5 23. Rg1 Kh8 24. Rg2 Rg8 25. Rag1 h6 26. Qf3 Rg7 27. h4 Rdg8 28. hxg5 hxg5 29. Rg3 Rh7+ 30. Rh3 Rg7
31. Rg3 a5 32. Rxh7+ Rxh7+ 33. Rh3 b4 34. Rxh7+ Qxh7+ 35. Qh3 Qxh3+ 36. Kxh3 Kg7 37. Kg3 b5 38. Kg4 Kh6 39. f3 a4 40. Kg3 Kh5
41. Kh3 Kh6 42. Kg4 Kg7 43. Kh3=
1/2-1/2

[Event "Last man standing - the return"]
[Site "SchemingMind.com"]
[Date "2014.04.03"]
[Round "-"]
[White "nammy"]
[Black "Michal Drus"]
[Result "0-1"]
[WhiteCountry "ENG"]
[BlackCountry "POL"]
[WhiteElo "987"]
[WhiteRD "75"]
[BlackElo "1534"]
[BlackRD "78"]
[GameID "354251"]

1. d4 d5 2. Nc3 f5 3. e3 Nf6 4. Be2 Nc6 5. Nf3 Ne4 6. Nb5 g5 7. h3 a6 8. Na3 e6 9. h4 g4 10. Nh2 Qxh4
11. Bf3 Qxf2#
0-1

[Event "Last man standing - the return"]
[Site "SchemingMind.com"]
[Date "2014.04.02"]
[Round "-"]
[White "Michal Drus"]
[Black "nammy"]
[Result "1-0"]
[WhiteCountry "POL"]
[BlackCountry "ENG"]
[WhiteElo "1472"]
[WhiteRD "73"]
[BlackElo "972"]
[BlackRD "79"]
[GameID "354252"]

1. e4 e5 2. Nf3 Bd6 3. d4 Nf6 4. dxe5 Bc5 5. exf6 gxf6 6. Nc3 c6 7. Bf4 Na6 8. Bxa6 bxa6 9. a3 Qe7 10. b4 Bb6
11. O-O c5 12. Nd5 Qe6 13. a4 Qxe4 14. Nxf6+ Ke7 15. Re1 Qe6 16. Rxe6+ dxe6 17. Qd6+ Kxf6 18. Qe5+ Ke7 19. Qxh8 Kd7 20. Ne5+ Kc7
21. Nxf7+ Kc6 22. Qe8+ Kd5 23. Rd1+ Kc4 24. b5 a5 25. Nd6+ Kb4 26. Bd2+ Kxa4 27. Ra1#
1-0

[Event "Last man standing - the return"]
[Site "SchemingMind.com"]
[Date "2014.06.08"]
[Round "-"]
[White "GBEDARD"]
[Black "Michal Drus"]
[Result "1-0"]
[WhiteCountry "USA"]
[BlackCountry "POL"]
[WhiteElo "2027"]
[WhiteRD "65"]
[BlackElo "1474"]
[BlackRD "76"]
[GameID "359302"]

1. e4 c5 2. Nf3 e6 3. d4 cxd4 4. Nxd4 Nf6 5. Nc3 Bb4 6. e5 Nd5 7. Bd2 Nxc3 8. bxc3 Bc5 9. Qg4 O-O 10. Bh6 g6
11. Qf4 Nc6 12. Nxc6 bxc6 13. Be2 Re8 14. O-O d6 15. a4 d5 16. c4 Ba6 17. Rfe1 Bb4 18. cxd5 cxd5 19. Bxa6 Rb8 20. Bb5
1-0

[Event "Last man standing - the return"]
[Site "SchemingMind.com"]
[Date "2014.06.08"]
[Round "-"]
[White "Michal Drus"]
[Black "GBEDARD"]
[Result "0-1"]
[WhiteCountry "POL"]
[BlackCountry "USA"]
[WhiteElo "1474"]
[WhiteRD "76"]
[BlackElo "2027"]
[BlackRD "65"]
[GameID "359303"]

1. e4 d6 2. d4 Nf6 3. Nc3 g6 4. Bg5 Bg7 5. Nf3 h6 6. Bxf6 Bxf6 7. e5 Bg7 8. Bd3 Nc6 9. Qe2 dxe5 10. Nxe5 Nxe5
11. dxe5 Qd4 12. O-O-O Qxe5 13. Rhe1 Qxe2 14. Rxe2 Bxc3 15. bxc3 Bd7 16. h3 Bc6 17. Be4 Bxe4 18. Rxe4 c5 19. Rde1 e6 20. f4 Kd7
21. Rd1+ Kc6 22. g4 h5 23. g5 Rad8 24. h4 Rxd1+ 25. Kxd1 Rd8+ 26. Ke2 Kb5 27. a4+ Kc6 28. Re3 Rd6 29. Rd3 Rd5 30. c4 Rxd3
31. Kxd3 b6 32. Kc3 Kd6 33. Kd3 e5 34. Ke4 exf4 35. Kxf4 Ke6 36. c3 f5 37. Ke3 Ke5 38. Kf3 f4
0-1

[Event "Last man standing - the return"]
[Site "SchemingMind.com"]
[Date "2014.06.12"]
[Round "-"]
[White "emvarela"]
[Black "reo"]
[Result "0-1"]
[WhiteCountry "ARG"]
[BlackCountry "THA"]
[WhiteElo "1677"]
[WhiteRD "48"]
[BlackElo "1802"]
[BlackRD "91"]
[GameID "359845"]

1. e4 c5 2. Nf3 d6 3. d4 cxd4 4. Nxd4 Nf6 5. Nc3 a6 6. Be3 e5 7. Nb3 Be7 8. Be2 Be6 9. Nd5 Nxe4 10. Nxe7 Qxe7
11. Bf3 Bf5 12. Bxe4 Bxe4 13. f3 Bg6 14. Qd2 O-O 15. O-O Nc6 16. c3 Rad8 17. Rad1 e4 18. fxe4 Bxe4 19. Nd4 Ne5 20. Nf5 Bxf5
21. Rxf5 Nc4
0-1

[Event "Last man standing - the return"]
[Site "SchemingMind.com"]
[Date "2014.06.12"]
[Round "-"]
[White "reo"]
[Black "emvarela"]
[Result "0-1"]
[WhiteCountry "THA"]
[BlackCountry "ARG"]
[WhiteElo "1766"]
[WhiteRD "98"]
[BlackElo "1627"]
[BlackRD "46"]
[GameID "359846"]

1. e4 e5 2. Nf3 Nc6 3. Bb5 a6 4. Ba4 Nf6 5. O-O Bc5 6. c3 b5 7. Bc2 d6 8. d4 exd4 9. cxd4 Bb6 10. Nc3 Bg4
11. h3 Bxf3 12. gxf3 Nxd4 13. Bd3 c5 14. b3 Qd7 15. Bf4 Qxh3 16. Be2 Nxe2+ 17. Qxe2 Bc7 18. e5 dxe5 19. Bxe5 Bxe5 20. f4 Qg4+
21. Qxg4 Nxg4 22. fxe5 O-O 23. Rfe1 Rfe8 24. f4 Re6 25. Ne4 c4 26. bxc4 bxc4 27. Nd6 c3 28. Rac1 Rg6 29. Kf1 Nh2+ 30. Kf2 Rb8
31. Nc4 Rg4 32. Re4 g5 33. Rxc3 Rb1 34. Rh3 Rf1+ 35. Ke2 Rg2+ 36. Kd3 gxf4 37. Nd2 Rff2 38. Nc4 Rg3+ 39. Rxg3+ fxg3 40. Rg4+ Nxg4
0-1

[Event "Last man standing - the return"]
[Site "SchemingMind.com"]
[Date "2014.07.07"]
[Round "-"]
[White "clario"]
[Black "Teagy"]
[Result "1-0"]
[WhiteCountry "RSA"]
[BlackCountry "ENG"]
[WhiteElo "1943"]
[WhiteRD "86"]
[BlackElo "1863"]
[BlackRD "94"]
[GameID "361165"]

1. d4 f5 2. g3 Nf6 3. Bg2 g6 4. Nf3 Bg7 5. Nc3 O-O 6. O-O d6 7. Qd3 c6 8. e4 Qe8 9. e5 dxe5 10. Nxe5 Bd7
11. Na4 Nd5 12. Qb3 b5 13. Bxd5+ cxd5 14. Qxd5+ e6 15. Qxa8 Bxe5 16. dxe5 Bc6 17. Qxa7 g5 18. Nc5
1-0

[Event "Last man standing - the return"]
[Site "SchemingMind.com"]
[Date "2014.07.10"]
[Round "-"]
[White "Teagy"]
[Black "clario"]
[Result "1-0"]
[WhiteCountry "ENG"]
[BlackCountry "RSA"]
[WhiteElo "1863"]
[WhiteRD "94"]
[BlackElo "1943"]
[BlackRD "86"]
[GameID "361166"]

1. e4 c5 2. Nc3 a6 3. g3 b5 4. Bg2 Bb7 5. d3 e6 6. f4 Be7 7. Nf3 d5 8. exd5 exd5 9. O-O Nf6 10. Ne5 O-O
11. Bd2 Re8 12. h3 Qc7 13. g4 d4 14. Ne4 Nxe4 15. Bxe4 Bxe4 16. dxe4 Bd6 17. Qf3 Bxe5 18. fxe5 Nc6 19. Bf4 Nxe5 20. Qg3 c4
21. Rad1 Rad8 22. Rf2
1-0

[Event "Last man standing - the return"]
[Site "SchemingMind.com"]
[Date "2014.10.06"]
[Round "-"]
[White "emvarela"]
[Black "GBEDARD"]
[Result "0-1"]
[WhiteCountry "ARG"]
[BlackCountry "USA"]
[WhiteElo "1700"]
[WhiteRD "51"]
[BlackElo "1988"]
[BlackRD "68"]
[GameID "366240"]

1. e4 d6 2. d4 Nf6 3. Nc3 g6 4. Nf3 Bg7 5. Be3 O-O 6. Bd3 Bg4 7. h3 Bxf3 8. Qxf3 Nc6 9. O-O-O e5 10. d5 Nd4
11. Bxd4 exd4 12. Ne2 Nd7 13. g4 c5 14. dxc6 bxc6 15. Qg3 Qe7 16. f4 Nc5 17. h4 Rab8 18. h5 Nxe4 19. Bxe4 Qxe4 20. h6 Bf6
21. g5 d3 22. Rxd3 Bxb2+
0-1

[Event "Last man standing - the return"]
[Site "SchemingMind.com"]
[Date "2014.10.06"]
[Round "-"]
[White "GBEDARD"]
[Black "emvarela"]
[Result "1-0"]
[WhiteCountry "USA"]
[BlackCountry "ARG"]
[WhiteElo "1988"]
[WhiteRD "68"]
[BlackElo "1700"]
[BlackRD "51"]
[GameID "366241"]

1. e4 e5 2. Nf3 Nc6 3. Bb5 a6 4. Ba4 Nf6 5. O-O Be7 6. Re1 b5 7. Bb3 d6 8. c3 Na5 9. Bc2 c5 10. d4 cxd4
11. cxd4 Bb7 12. Nc3 O-O 13. Qd3 Nc4 14. a4 Qc7 15. axb5 axb5 16. Rxa8 Rxa8 17. b3 exd4 18. Nxb5 Qc5 19. Bf4 Ne5 20. Bxe5 dxe5
21. Qc4 Qxc4 22. bxc4 Ra2 23. Bd3 Bb4 24. Rb1 Bc5 25. Nxe5 Bxe4 26. Bxe4 Nxe4 27. Nd7 Be7 28. Nc3
1-0

[Event "Last man standing - the return"]
[Site "SchemingMind.com"]
[Date "2014.10.19"]
[Round "-"]
[White "Phil Cook"]
[Black "clario"]
[Result "1-0"]
[WhiteCountry "NZL"]
[BlackCountry "RSA"]
[WhiteElo "2285"]
[WhiteRD "106"]
[BlackElo "1814"]
[BlackRD "89"]
[GameID "367383"]

1. d4 d5 2. c4 e6 3. Nc3 Bb4 4. Nf3 Nf6 5. e3 O-O 6. Bd3 c5 7. O-O Nc6 8. cxd5 exd5 9. dxc5 Bxc5 10. b3 Bg4
11. h3 Be6 12. Bb2 Rc8 13. a3 Qe7 14. Ng5
1-0

[Event "Last man standing - the return"]
[Site "SchemingMind.com"]
[Date "2014.10.19"]
[Round "-"]
[White "clario"]
[Black "Phil Cook"]
[Result "0-1"]
[WhiteCountry "RSA"]
[BlackCountry "NZL"]
[WhiteElo "1814"]
[WhiteRD "89"]
[BlackElo "2285"]
[BlackRD "106"]
[GameID "367384"]

1. d4 Nf6 2. c4 e6 3. Nc3 Bb4 4. Qc2 O-O 5. a3 Bxc3+ 6. Qxc3 b6 7. Bg5 Bb7 8. f3 h6 9. Bh4 d6 10. e3 Nbd7
11. Nh3 e5 12. Be2 exd4 13. Qxd4 Re8 14. O-O Nc5
0-1